Central Library OPAC University of Rajshahi

South sea supercargo / (Record no. 20179)

MARC details
000 -LEADER
fixed length control field 00878nam a22002652a 4500
001 - CONTROL NUMBER
control field 20179
003 - CONTROL NUMBER IDENTIFIER
rucl marc code BD-RjUL
005 - DATE AND TIME OF LATEST TRANSACTION
control field 20211209000530.0
008 - FIXED-LENGTH DATA ELEMENTS--GENERAL INFORMATION
fixed length control field 140226t1967 at 000 1 eng d
035 ## - SYSTEM CONTROL NUMBER
System control number (BD-RjUL)20241
040 ## - CATALOGING SOURCE
Original cataloging agency DLC
Transcribing agency DLC
Modifying agency EQO
-- BD-RjUL
Language of cataloging eng
041 ## - LANGUAGE CODE
Language code of text/sound track or separate title eng
082 04 - DEWEY DECIMAL CLASSIFICATION NUMBER
Classification number 813.5
Author mark and year BES 1967
100 1# - MAIN ENTRY--PERSONAL NAME
Personal name Becke, Louis,
Dates associated with a name 1855-1913.
9 (RLIN) 62179
245 10 - TITLE STATEMENT
Title South sea supercargo /
Statement of responsibility, etc. Edited with an introd. by A. Grove Day
260 ## - PUBLICATION, DISTRIBUTION, ETC. (IMPRINT)
Place of publication, distribution, etc. Honolulu :
Name of publisher, distributor, etc. University of hawaii press,
Date of publication, distribution, etc. 1967.
300 ## - PHYSICAL DESCRIPTION
Pagination 194 p. ;
Size 25 cm.
650 1# - SUBJECT ADDED ENTRY--TOPICAL TERM
Topical term or geographic name as entry element South Pacific Ocean -- Fiction.
9 (RLIN) 62180
651 #0 - SUBJECT ADDED ENTRY--GEOGRAPHIC NAME
Geographic name South Pacific Ocean
General subdivision Social life and customs
-- Fiction
9 (RLIN) 62181
Geographic name Oceania
General subdivision Social life and customs
-- Fiction
9 (RLIN) 62182
700 1# - ADDED ENTRY--PERSONAL NAME
Personal name Day, A. Grove
Fuller form of name (Arthur Grove),
Dates associated with a name 1904-1994
942 ## - ADDED ENTRY ELEMENTS (KOHA)
Source of classification or shelving scheme Dewey Decimal Classification
Koha item type Books
Holdings
Lost status Source of classification or shelving scheme Damaged status Not for loan Collection code Permanent Location Current Location Shelving location Date acquired Source of acquisition Total Checkouts Full call number Date last seen Copy number Koha item type
  Dewey Decimal Classification     Fiction Central Library, University of Rajshahi Central Library, University of Rajshahi   25/07/1977 Asia foundation   813.5 BES 1967 26/02/2014 C-2 Books
  Dewey Decimal Classification   Not For Loan Non-fiction Central Library, University of Rajshahi Central Library, University of Rajshahi Reading Room 25/07/1977 Asia Foundation , U.S.A.   813.5 BES 1967 22/12/2019 C-1 Books